MARC details
| 000 -LEADER |
| fixed length control field |
02653nam a2200565 i 4500 |
| 001 - CONTROL NUMBER |
| control field |
22420 |
| 003 - CONTROL NUMBER IDENTIFIER |
| control field |
CZ PrNK |
| 005 - DATE AND TIME OF LATEST TRANSACTION |
| control field |
20260328102205.0 |
| 007 - PHYSICAL DESCRIPTION FIXED FIELD--GENERAL INFORMATION |
| fixed length control field |
ta |
| 008 - FIXED-LENGTH DATA ELEMENTS--GENERAL INFORMATION |
| fixed length control field |
220524s2022 xr c 000 j cze |
| 015 ## - NATIONAL BIBLIOGRAPHY NUMBER |
| National bibliography number |
cnb003423464 |
| 020 ## - INTERNATIONAL STANDARD BOOK NUMBER |
| International Standard Book Number |
9788025357408 |
| Qualifying information |
(vázáno) : |
| Terms of availability |
Kč 199,00 |
| 035 ## - SYSTEM CONTROL NUMBER |
| System control number |
(OCoLC)1335743463 |
| 040 ## - CATALOGING SOURCE |
| Original cataloging agency |
ABG001 |
| Language of cataloging |
cze |
| Description conventions |
rda |
| 041 1# - LANGUAGE CODE |
| Language code of text/sound track or separate title |
cze |
| Language code of original |
ger |
| 072 #7 - SUBJECT CATEGORY CODE |
| Subject category code |
821.112.2-3 |
| Subject category code subdivision |
Německá próza, německy psaná |
| Source |
Konspekt |
| 072 #7 - SUBJECT CATEGORY CODE |
| Subject category code |
821-93 |
| Subject category code subdivision |
Literatura pro děti a mládež (beletrie) |
| Source |
Konspekt |
| 080 ## - UNIVERSAL DECIMAL CLASSIFICATION NUMBER |
| Universal Decimal Classification number |
821.112.2(436)-32 |
| Edition identifier |
MRF |
| 080 ## - UNIVERSAL DECIMAL CLASSIFICATION NUMBER |
| Universal Decimal Classification number |
821-93 |
| Edition identifier |
MRF |
| 080 ## - UNIVERSAL DECIMAL CLASSIFICATION NUMBER |
| Universal Decimal Classification number |
(0:82-321.3) |
| Edition identifier |
MRF |
| 080 ## - UNIVERSAL DECIMAL CLASSIFICATION NUMBER |
| Universal Decimal Classification number |
(0.05)793.7 |
| Edition identifier |
MRF |
| 100 1# - MAIN ENTRY--PERSONAL NAME |
| Personal name |
Brezina, Thomas, |
| Dates associated with a name |
1963- |
| Relationship |
aut |
| 240 10 - UNIFORM TITLE |
| Uniform title |
Gift des roten Leguans. |
| Language of a work |
Česky |
| 245 10 - TITLE STATEMENT |
| Title |
Jed červeného leguána / |
| Statement of responsibility, etc. |
Thomas C. Brezina ; ilustrovala Naomi Fearnová ; z německého originálu Ein Fall für dich und das Tiger Team - Das Gift des roten Leguans přeložila Dagmar Steidlová |
| 250 ## - EDITION STATEMENT |
| Edition statement |
2. vydání |
| 264 #1 - PRODUCTION, PUBLICATION, DISTRIBUTION, MANUFACTURE, AND COPYRIGHT NOTICE |
| Place of production, publication, distribution, manufacture |
V Praze : |
| Name of producer, publisher, distributor, manufacturer |
Fragment, |
| Date of production, publication, distribution, manufacture, or copyright notice |
2022 |
| 300 ## - PHYSICAL DESCRIPTION |
| Extent |
132 stran : |
| Other physical details |
ilustrace ; |
| Dimensions |
19 cm + |
| Accompanying material |
1 plastová lupa (90 x 60 mm) |
| 336 ## - CONTENT TYPE |
| Content type term |
text |
| Content type code |
txt |
| Source |
rdacontent |
| 337 ## - MEDIA TYPE |
| Media type term |
bez média |
| Media type code |
n |
| Source |
rdamedia |
| 338 ## - CARRIER TYPE |
| Carrier type term |
svazek |
| Carrier type code |
nc |
| Source |
rdacarrier |
| 490 1# - SERIES STATEMENT |
| Series statement |
Případ pro tebe a Klub Tygrů |
| 520 2# - SUMMARY, ETC. |
| Summary, etc. |
Tygří parta řeší další záhadu, tentokrát musí odhalit tajemství ostrova červeného leguána. Kniha obsahuje lupu, s níž se čtenáři můžou stát účastníky pátrání. |
| Expansion of summary note |
Biggi, Luk a Patrik si užívají na nádherné pláži v Thajsku, když se dozví, že jejich kamarád Somchai byl otráven. Protijed lze prý získat jen ze vzácného červeného leguána, který žije na nedalekém ostrově. Dostat se na něj ale není jen tak. Vstoupit smí pouze ten, kdo zná jeho tajemství. Dokáží kamarádi z Klubu Tygrů odhalit toto tajemství a dostat se na ostrov včas? Nakladatelská anotace. Kráceno. |
| 521 1# - TARGET AUDIENCE NOTE |
| Target audience note |
Pro čtenáře od 9 let |
| 655 #7 - INDEX TERM--GENRE/FORM |
| Genre/form data or focus term |
rakouské příběhy |
| Source of term |
czenas |
| 655 #7 - INDEX TERM--GENRE/FORM |
| Genre/form data or focus term |
dobrodružné příběhy |
| Source of term |
czenas |
| 655 #7 - INDEX TERM--GENRE/FORM |
| Genre/form data or focus term |
čtenářské hry |
| Source of term |
czenas |
| 655 #7 - INDEX TERM--GENRE/FORM |
| Genre/form data or focus term |
publikace pro děti |
| Source of term |
czenas |
| 655 #9 - INDEX TERM--GENRE/FORM |
| Genre/form data or focus term |
Austrian stories |
| Source of term |
eczenas |
| 655 #9 - INDEX TERM--GENRE/FORM |
| Genre/form data or focus term |
adventure stories |
| Source of term |
eczenas |
| 655 #9 - INDEX TERM--GENRE/FORM |
| Genre/form data or focus term |
literary recreations |
| Source of term |
eczenas |
| 655 #9 - INDEX TERM--GENRE/FORM |
| Genre/form data or focus term |
children's literature |
| Source of term |
eczenas |
| 700 1# - ADDED ENTRY--PERSONAL NAME |
| Personal name |
Fearn, Naomi, |
| Dates associated with a name |
1976- |
| Relationship |
ill |
| 700 1# - ADDED ENTRY--PERSONAL NAME |
| Personal name |
Steidlová, Dagmar, |
| Dates associated with a name |
1959- |
| Relationship |
trl |
| 765 0# - ORIGINAL LANGUAGE ENTRY |
| Title |
Fall für dich und das Tiger-Team |
| 787 08 - OTHER RELATIONSHIP ENTRY |
| Relationship information |
Z cyklu: |
| Title |
Případ pro tebe a Klub Tygrů |
| Related parts |
45 |
| 830 #0 - SERIES ADDED ENTRY--UNIFORM TITLE |
| Uniform title |
Klub Tygrů |
| 901 ## - LOCAL DATA ELEMENT A, LDA (RLIN) |
| b |
9788025357408 |
| f |
2. vydání |
| o |
20220624 |
| 910 ## - USER-OPTION DATA (OCLC) |
| User-option data |
ABA001 |
| 942 ## - ADDED ENTRY ELEMENTS (KOHA) |
| Source of classification or shelving scheme |
Dewey Decimal Classification |
| Koha item type |
Krásna literatúra pre deti |
| Suppress in OPAC |
No |